[Event "Marmaris Karya-14 IM 2022"]
[Site "Icmeler-Marmaris"]
[Date "2022.01.31"]
[Round "10.1"]
[White "Ahmad, Al Khatib"]
[Black "Boshra, Alshaeby"]
[Result "1-0"]
[WhiteElo "2218"]
[BlackElo "1974"]
[Annotator "TA"]
[PlyCount "65"]
[EventDate "2022.02.01"]
[EventType "schev"]
[EventCountry "TUR"]
[SourceTitle "playchess.com"]
[Source "ChessBase"]
[SourceQuality "1"]

{[%evp 9,65,21,39,35,42,42,48,27,24,4,21,0,31,12,55,56,56,36,62,20,122,128,177,170,179,155,163,168,200,206,232,211,240,235,386,327,288,271,483,499,596,475,475,475,475,475,475,475,743,736,29976,29977,29976,29976,29978,29979,29979,29974]} 1. e4 e5 2. Nf3 Nc6 3. Bb5 d6 4. O-O Bd7 5. c4 Nf6 (5... g5 {looks sharper.} 6. d3 h6 7. c5 Bg7 8. cxd6 cxd6 9. Be3 Nf6) 6. Nc3 {C62: Ruy Lopez: Steinitz Defence.} Be7 7. Bxc6 Bxc6 {[#]} 8. d3 $146 {White is slightly better.} ({Predecessor:} 8. Qe2 O-O 9. d4 exd4 10. Nxd4 Re8 11. Rd1 Nd7 12. f3 a6 13. b4 Ne5 14. Bf4 {1-0 (23) Cabrera Trujillo,C (1493)-Couspeyre,T (1276) LSS email 2020}) 8... O-O 9. b4 Bd7 10. a4 {[%cal Ba2a4,Ba4a5][%mdl 32]} Ne8 11. b5 g6 (11... a6 $11) 12. Bh6 $14 Ng7 13. a5 $36 {[%mdl 2048] White has good play.} a6 14. Qb3 (14. d4 $14 {deserves consideration.}) 14... f5 {White stays focused until the end.} (14... Bg4 $11 {keeps the balance.}) 15. Nd5 $1 $16 {White is much more active. Black has bad knights.} Kh8 {[#]} (15... Re8 $16 {keeps fighting.}) 16. bxa6 $1 $18 bxa6 {[#]} 17. Qb7 $1 fxe4 18. dxe4 Rc8 19. c5 (19. Qxa6 Rxf3 20. gxf3 Ne6) 19... Rxf3 20. gxf3 Bh3 21. Rfd1 Bg5 (21... Ne6 {is a better defense.}) 22. Bxg7+ Kxg7 23. cxd6 (23. Qxa6 $6 Bh4 24. f4 exf4 $16) 23... Bf4 $2 (23... Bh4 {might work better.} 24. f4 exf4 25. Qb2+ Kh6) 24. Nxf4 exf4 25. Qd5 {Inhibits Qg5+.} cxd6 26. Rac1 Rxc1 27. Rxc1 {[%mdl 4096] Endgame KQR-KQB} Qf6 28. Rd1 ({Less strong is} 28. Qb7+ Kh6 29. Qd5 Qb2 $18) 28... h5 (28... Qh4 $142 29. Rd2 Qe7) 29. Qd4 {Threatens to win with Qxf6+.} Qe5 30. Qxe5+ {White mates.} (30. Qa7+ {is a self mate.} Kh6) 30... dxe5 31. Rd6 Kh6 32. Rxa6 Kg5 33. Rd6 {Weighted Error Value: White=0.10 (very precise) /Black=0.56} 1-0

[Event "Marmaris Karya-14 IM 2022"]
[Site "Icmeler-Marmaris"]
[Date "2022.01.31"]
[Round "10.2"]
[White "Rasulov, Vugar"]
[Black "Haussernot, Cecile"]
[Result "1-0"]
[WhiteElo "2453"]
[BlackElo "2188"]
[Annotator "TA"]
[PlyCount "79"]
[EventDate "2022.02.01"]
[EventType "schev"]
[EventCountry "TUR"]
[SourceTitle "playchess.com"]
[Source "ChessBase"]
[SourceQuality "1"]

{[%evp 17,79,28,33,7,41,31,52,14,13,10,33,16,33,43,30,36,18,25,25,0,56,0,57,54,24,16,16,16,16,14,19,-4,0,0,62,39,61,52,87,118,118,122,118,98,199,192,239,239,232,238,245,227,259,258,252,245,378,370,354,349,293,333,29991,29992]} 1. e4 c5 2. Nf3 Nc6 3. Bb5 g6 4. Bxc6 dxc6 5. d3 Bg7 6. h3 Nf6 7. O-O O-O 8. Nc3 Qc7 9. Be3 b6 10. Qd2 {B31: Sicilian: 2...Nc6 3 Bb5 g6.} Re8 11. a3 a5 {[#]} 12. Rab1 $146 {White is slightly better.} ({Predecessor:} 12. Nh4 Ba6 13. Bh6 Bh8 14. f4 Rad8 15. e5 Nd5 16. b3 Nxc3 17. Qxc3 Bc8 18. Rad1 {½-½ (55) Vegjeleki,A (2192)-Paredes,C (2372) ICCF email 2012}) 12... e5 13. Bh6 b5 14. Ne2 c4 15. Bxg7 Kxg7 16. Ng3 cxd3 17. cxd3 c5 {[%cal Bc6c5,Bc5c4][%mdl 32]} 18. Rbc1 Ra6 (18... Qd6 $11) 19. Rc2 (19. Qc3 $1 $14) 19... Be6 (19... a4 $11) 20. Rfc1 $14 Nd7 21. b4 axb4 22. axb4 c4 23. Ng5 Nb6 24. Ne2 Qd6 25. d4 Ra3 ({Black should play} 25... Na4 $11) 26. dxe5 $1 Qxe5 27. f4 Qf6 28. Nc3 $1 Bd7 29. e5 Qc6 30. Qd4 {e6+ is the strong threat.} Bf5 {[#]} (30... Be6 $16) 31. Rd2 $1 $18 Ra7 (31... Raa8 $142) 32. Nce4 Bxe4 33. Nxe4 {Strongly threatening e6+.} Rd7 34. Nd6 {Black must now prevent e6+.} Re6 35. g4 {[%cal Bg2g4,Bg4f5,Bf5e6][%mdl 32] aiming for f5.} f6 {[#]} 36. Qc5 ({But not} 36. exf6+ $2 Kf8 37. f7 Rdxd6 $19) 36... Rc7 (36... Qxc5+ $142 37. bxc5 fxe5) 37. exf6+ Kf8 38. f5 ({Much less strong is} 38. Nxb5+ Qxc5+ 39. bxc5 Rxc5 $18) 38... gxf5 39. gxf5 {Dancing on a razor blade.} Qf3 $2 (39... Qxc5+ $18 40. bxc5 Rxd6 41. cxd6 Rd7) 40. fxe6 {Weighted Error Value: White=0.07 (flawless) /Black=0.49} 1-0

[Event "Marmaris Karya-14 IM 2022"]
[Site "Icmeler-Marmaris"]
[Date "2022.01.31"]
[Round "10.3"]
[White "Mammadov, Zaur"]
[Black "Ozsakallioglu, Okan"]
[Result "0-1"]
[WhiteElo "2417"]
[BlackElo "2179"]
[Annotator "TA"]
[PlyCount "88"]
[EventDate "2022.02.01"]
[EventType "schev"]
[EventCountry "TUR"]
[SourceTitle "playchess.com"]
[Source "ChessBase"]
[SourceQuality "1"]

{[%evp 19,88,20,24,0,25,33,35,19,45,16,23,-6,20,12,25,0,0,0,0,0,23,22,23,12,18,21,56,34,29,26,41,41,41,40,37,49,50,53,95,57,135,123,126,47,47,39,205,234,234,124,107,93,122,116,295,291,299,252,247,223,663,669,722,502,807,800,786,774,2379,-850,-754]} 1. e4 g6 2. d4 Bg7 3. Nf3 d6 4. Bc4 c6 5. O-O d5 6. exd5 cxd5 7. Bd3 Nf6 8. c3 O-O 9. Bf4 Nc6 10. h3 Bf5 11. Re1 {B13: Caro-Kann: Exchange Variation and Panov-Botvinnik Attack.} Qb6 12. Bxf5 gxf5 13. Qb3 {White is slightly better.} Qa6 {[#]} 14. Qa3 $146 ({Predecessor:} 14. Na3 Rac8 15. Ne5 e6 16. Qb5 Nxe5 17. Bxe5 Qc6 18. Re3 Ne4 19. Bxg7 Kxg7 20. f3 Nd6 21. Qf1 {0-1 (56) Fiori,H (2055)-Uelf,M (2173) Villa Martelli 2014}) 14... Qb6 15. Ne5 e6 16. Nd2 Rfe8 17. Re3 Nh5 18. Bh2 Bh6 19. Re2 Nf4 20. Bxf4 Bxf4 21. Ndf3 Bxe5 22. dxe5 d4 23. c4 Rad8 24. Rd1 Rd7 25. Ne1 Kh8 26. Qg3 Rg8 27. Qf4 Qa6 28. b3 b5 (28... Qa3 $14) 29. Nd3 $16 Rdd8 (29... bxc4 $2 30. Nc5 Qc8 31. Nxd7 Qxd7 32. bxc4 $18) (29... Ne7 $1 $14) 30. Qh4 $36 {[%mdl 2048] White has strong initiative.} bxc4 31. Nb4 Qb7 $1 $14 32. Nxc6 {White threatens Qf6+ and mate.} Rc8 $2 (32... Rd7 $1 $14 33. g3 (33. bxc4 Qxc6 34. Qf6+ Rg7 $16) (33. Qf6+ Rg7 $16) 33... Qxc6 34. Qf6+ Rg7 35. bxc4 Qxc4) 33. Qf6+ ({Don't do} 33. bxc4 $6 Qxc6 34. Qf6+ Rg7 $16) 33... Rg7 {[#]} 34. bxc4 Qxc6 $16 {[%csl Gg7][%cal Rc6g2]} 35. g3 Qf3 (35... Qxc4 $2 36. Red2 $18) 36. Red2 {[%cal Be2d2,Bd2d4,Bd4h4][%mdl 32]} h5 $2 (36... Kg8 $16) 37. Rxd4 $18 {Qh6+ would kill now.} (37. Rd3 Qe2 $18) 37... Kh7 {[#] Inhibits Qh6+. ...Rcg8 is the strong threat.} 38. R1d3 $1 Qe2 {[%cal Oc8c4]} 39. Re3 Qxa2 {[#]} (39... Qc2 40. Qh4 Rg6 41. Qxh5+ Kg7) 40. Rh4 $1 Qb1+ 41. Kg2 Qd1 (41... Kg8 $142) 42. Rf3 Kg8 43. Rxh5 {Threatens to win with Qh6.} Rxc4 44. Rb3 $4 {[%mdl 8192]} Qxh5 {Quite a comeback for Black.  Weighted Error Value: White=0.29 (precise) /Black=0.47} 0-1

[Event "Marmaris Karya-14 IM 2022"]
[Site "Icmeler-Marmaris"]
[Date "2022.01.31"]
[Round "10.4"]
[White "Sibashvili, Giorgi"]
[Black "Gunduz, Umut Erdem"]
[Result "1-0"]
[WhiteElo "2398"]
[BlackElo "2252"]
[Annotator "TA"]
[PlyCount "63"]
[EventDate "2022.02.01"]
[EventType "schev"]
[EventCountry "TUR"]
[SourceTitle "playchess.com"]
[Source "ChessBase"]
[SourceQuality "1"]

{[%evp 18,63,27,30,64,58,55,55,60,54,62,51,65,64,66,66,64,0,0,0,74,60,79,67,79,68,134,127,341,335,304,307,635,633,1037,968,29990,29991,29991,29992,29992,29993,29993,29992,29992,29993,29993,29994]} 1. d4 Nf6 2. c4 e6 3. Nc3 c5 4. d5 exd5 5. cxd5 d6 6. Nf3 g6 7. Bf4 a6 8. a4 Bg7 9. h3 O-O 10. e3 Re8 {A61: Modern Benoni: Nf3 without early e4.} 11. Nd2 Nbd7 {[%cal Bb8d7,Bd7e5,Be5f7][%mdl 32]} 12. Be2 ({Much worse is} 12. Bxd6 Nb6 13. Bxc5 Nfxd5 $11) 12... Ne5 {White is slightly better.} 13. O-O Nfd7 14. Qc2 {was the old line (14.Bh2).} f5 15. a5 Qc7 16. Bh2 {White is more active.} Rb8 {[#]} 17. f4 $146 (17. Rfd1 $14) ({Predecessor:} 17. b3 Nf6 18. Ra2 Bd7 19. Rc1 Kh8 20. Qb1 Rbc8 21. Nc4 Nxc4 22. bxc4 Ne4 23. Nxe4 Rxe4 {½-½ (86) Zoler,D (2498)-Yilmaz,M (2582) Biel 2015}) 17... Nf7 $11 18. e4 fxe4 (18... Nf6 $11) 19. Ncxe4 $16 {Hoping for f5.} Nf6 20. Nxf6+ Bxf6 21. Bd3 {[%cal Od3g6] Black must now prevent Bxg6!} b5 {[#]} (21... Qe7 $14) 22. Bxg6 $1 Bd4+ $2 {Black cannot hold the game after this.} (22... hxg6 $16 {was necessary.} 23. Qxg6+ Bg7) 23. Kh1 $18 hxg6 24. Qxg6+ Kf8 $2 {[#]} (24... Kh8) 25. f5 $1 {And now f6 would win.} Be3 {[#]} 26. Rae1 $1 {[%cal Of5f6] aiming for f6!} Bxd2 (26... Ne5 27. Bxe5) 27. Rxe8+ {[%mdl 64] Overworked Piece. White mates.} Kxe8 28. Qg8+ Kd7 29. Qxf7+ Kd8 30. Qf8+ Kd7 31. f6 {[%csl Gf6][%cal Rf8e7]} Bb7 32. Qg7+ {Weighted Error Value: White=0.04 (flawless) /Black=0.95} 1-0

[Event "Marmaris Karya-14 IM 2022"]
[Site "Icmeler-Marmaris"]
[Date "2022.01.31"]
[Round "10.5"]
[White "Darban, Morteza"]
[Black "Kizilkus, Akin"]
[Result "0-1"]
[WhiteElo "2261"]
[BlackElo "2275"]
[Annotator "TA"]
[PlyCount "114"]
[EventDate "2022.02.01"]
[EventType "schev"]
[EventCountry "TUR"]
[SourceTitle "playchess.com"]
[Source "ChessBase"]
[SourceQuality "1"]

{[%evp 17,114,0,20,14,4,-19,-28,-12,-12,-15,-17,-91,-98,-131,-100,-154,-154,-152,-141,-138,-154,-146,-146,-290,-191,-482,-495,-653,-485,-495,-485,-508,-478,-492,-501,-489,-511,-502,-510,-483,-462,-536,-483,-606,-595,-625,-593,-620,-597,-560,-512,-514,-510,-504,-495,-489,-468,-630,-630,-630,-617,-630,-434,-449,-402,-29965,-29967,-29965,-29968,-29960,-29966,-29979,-29977,-29977,-29978,-29984,-29985,-29987,-29987,-29988,-29988,-29989,-29987,-29990,-29988,-29988,-29987,-29987,-29988,-29988,-29989,-29989,-29989,-29989,-29990,-29990,0,-29991,-29992]} 1. Nf3 Nf6 2. g3 g6 3. Bg2 Bg7 4. O-O O-O 5. d3 d5 6. Nbd2 c5 7. e4 e6 8. c3 Nc6 9. Re1 a5 10. a4 {A08: King's Indian Attack.} b6 11. e5 Nd7 {[%cal Rc6e5]} 12. d4 {Black has an edge.} Ba6 $1 {[%mdl 4] [#] is more profitable than 12...cxd4 at the moment.} 13. b3 $146 ({Predecessor:} 13. Nf1 cxd4 14. cxd4 Nb4 15. Bg5 Qe8 16. Ra3 Rc8 17. Rc3 h6 18. Bf4 Rxc3 19. bxc3 {0-1 (51) Kobalia,M (2587)-Lomasov,S (2525) Chess.com INT 2021}) 13... f6 {[%cal Rf6e5]} 14. exf6 (14. Bh3 $11 {keeps the balance.}) 14... Qxf6 $17 {[%cal Rc5d4]} 15. Bb2 Rad8 (15... cxd4 $6 16. cxd4 Rfe8 17. Ne5 Ndxe5 18. dxe5 $11) 16. Bf1 (16. Kh1 $142) 16... Bxf1 (16... cxd4 17. Bxa6 Nc5 {[#]} 18. cxd4 $1 Nxa6 19. Qe2 $11) 17. Rxf1 e5 {Black is more active.} (17... cxd4 18. cxd4 Bh6 19. Rc1 Bxd2 20. Qxd2 $11) 18. dxe5 Ndxe5 ({Not} 18... Ncxe5 19. Ne1 $17) 19. Nxe5 Nxe5 {[%cal Bc6e5,Be5g4,Bg4e3,Be3f1][%mdl 32]} ({Stronger than} 19... Qxe5 20. Rc1 $17) 20. Qe2 {Inhibits Nd3.} (20. Qc2 $17 {keeps fighting.}) 20... Qf5 21. Rab1 $2 (21. f4 {was the only defense.} Nd3 22. Nf3) 21... Rde8 $19 ({Wrong is} 21... Nd3 $2 22. f4 Rfe8 23. Qf3 $19) 22. Ba1 Qh3 {...Ng4 is the strong threat.} 23. f4 Ng4 24. Qg2 Qxg2+ 25. Kxg2 Ne3+ 26. Kf3 Nxf1 27. Nxf1 d4 {Prevents Ne3.} 28. cxd4 cxd4 29. Rd1 Rf7 30. h4 Rb7 31. Kf2 b5 32. axb5 Rxb5 33. Nd2 d3 34. Bxg7 {Black must now prevent Be5.} Kxg7 {[%mdl 4096] Endgame KRR-KRN} 35. Kf3 Re2 36. g4 Rb4 37. Nc4 Rxb3 38. Nxa5 Rc3 39. Rxd3 Rxd3+ 40. Kxe2 {KR-KN} Rh3 41. h5 (41. Nc4 $19) 41... gxh5 42. gxh5 Kf6 43. Nc4 Kf5 44. Kf2 Kxf4 45. Kg2 Rxh5 46. Nd2 Rc5 47. Nf1 Rc3 48. Nh2 h5 {[%cal Bh7h5,Bh5h4,Bh4h3][%mdl 32]} 49. Nf1 h4 50. Kg1 h3 51. Kf2 Rc1 52. Nh2 Rc2+ 53. Kg1 Rg2+ 54. Kh1 Rf2 55. Kg1 Kg3 56. Nf1+ {[#]} Rxf1+ $1 57. Kxf1 h2 {White got outplayed after the opening.  Weighted Error Value: White=0.46/Black=0.12 (very precise)} 0-1